| 000 | 01120cam a22001934a 4500 | ||
|---|---|---|---|
| 005 | 20250605163512.0 | ||
| 008 | 250528s ||||||||||||||||||||||||d | ||
| 035 | _a20627 | ||
| 020 | _a135256356 | ||
| 040 |
_aGR-AtMCL _bgre _dGR-AtMCL _eAACR2 |
||
| 245 | 1 | _aExploring Corporate Strategy / Text and Cases: Fourth Edition | |
| 250 | _a4th | ||
| 260 |
_bPrentice Hall, _c1997 |
||
| 300 | _a874 | ||
| 520 | _aThe writers incorporate recent developments in strategic management within their established framework. Preface, Introduction, Corporate Strategy: An Introduction, Strategic Management in Practice, Strategic Analysis, Analyzing the Environment, Resources and Competences and Strategic Capability, Stakeholder Expectations and Organizational Purposes, Strategic Choice, Bases of Strategic Choice, Strategic Options: Directions and Methods of Development, Strategy Evaluation and Selection, Strategic Implementation, Organization Structure and Design, Resource Allocation and Control, Managing Strategic Change, Case Studies, Glossary, General Index. | ||
| 942 | _cBK | ||
| 999 |
_c5718 _d5718 |
||